Quizzes
Events
Quiz Creation
Community
Videos
Private Events
Remove Ads
Sign In
Join for FREE
Feedback
Dark Mode
Quiz Categories
Sports
Geography
Music
Movies
Television
Just For Fun
Miscellaneous
History
Literature
Language
Science
Gaming
Entertainment
Religion
Holiday
For Kids
Quiz Lab
Recent
Popular Today
Quiz Kudos Today
Editor Picks
Curator Picks
Quizzes by...
Day
Popularity
Type
Ratings
Length
Year
Community
Subscriptions
Recent Discussions
Orange Saloon
Badges
Playlists
Quests
Create
Leaderboards
Showdown
Live 5
Trivia Bingo
Activity
Puzzle Library
Sporcle Events
Private Events
Virtual Trivia
Globe League
Become a Host
Pub Owners
SporcleCon
Opinionation
Our Games
Videos
Blog
Mobile Apps
Partnerships
Remove Ads and Go Orange
Feedback
Movies
Disney
Marvel Cinematic Universe
Movie Resume
Movie Titles
Oscar
Actor
Actress
Director
Pixar
Role
Movie Quotes
Movie Characters
Box Office
Nominee
Best Picture
Star Wars
James Bond
Horror Movies
Movies
Disney
Marvel Cinematic Universe
Movie Resume
Movie Titles
Oscar
Actor
Actress
Director
Pixar
Role
Movie Quotes
Movie Characters
Box Office
Nominee
Best Picture
Star Wars
James Bond
Horror Movies
Random Quiz
Search Sporcle
×
Quiz Lab
Quiz Lab
Movies
Role
Type in answers that appear in a list
Type in answers that appear in a list
Classic
Best Score? Go Orange.
Pierce Brosnan Roles in Movies Stats
Can you name the Pierce Brosnan movies?
By
shark3bites
10m
38 Questions
482 Plays
482 Plays
482 Plays
Comments
Comments
Give Quiz Kudos
Give Quiz Kudos
-
- Ratings
hide this ad
Replay
Link that replays current quiz
Next Quiz
Link to next quiz in quiz playlist
You Got
0%
They Got
Avg Score
30%
Avg Friend Score
Upgrade to see
Score Distribution
Jump to the score distribution portion of the page
Score
0/38
Timer
10:00
0
Plays Today
Year
Movie
% Correct
1995
GoldenEye
89.4%
2002
Die Another Day
88.6%
1997
Tomorrow Never Dies
86.5%
1999
The World Is Not Enough
84.2%
1993
Mrs. Doubtfire
68%
2008
Mamma Mia!
62.7%
1999
The Thomas Crown Affair
60.6%
1997
Dante's Peak
49.2%
2005
The Matador
42.9%
2010
The Ghost Writer
38.6%
1996
Mars Attacks!
34%
2001
The Tailor of Panama
31.3%
1999
Grey Owl
30.7%
2004
After the Sunset
28%
1987
The Fourth Protocol
25.5%
2004
Laws of Attraction
25.1%
2002
Evelyn
24.9%
1992
The Lawnmower Man
24.5%
2010
Remember Me
21.4%
Year
Movie
% Correct
1980
The Long Good Friday
20.7%
1988
Taffin
20.5%
2006
Seraphim Falls
17.2%
1997
Robinson Crusoe
16.8%
1996
The Mirror Has Two Faces
15.6%
1998
Quest for Camelot
15.4%
2010
Percy Jackson & the Olympians: The Lightning Thief
14.7%
2007
Butterfly on a Wheel
12.9%
2009
The Greatest
12.4%
1986
Nomads
12.2%
1992
Live Wire
12.2%
1980
The Mirror Crack'd
10.8%
1998
The Nephew
10.2%
1988
The Deceivers
9.8%
1994
Love Affair
8.5%
2007
Married Life
8.1%
1999
The Match
7.9%
1990
Mister Johnson
7.1%
1993
Entangled
6.4%
Quiz Playlist
Details
Report
Send in Message
Add To Playlist
Classic:
Type in answers that appear in a list
Quiz Source
Last Updated: Feb 16, 2017
Quiz Scoreboard
CHALLENGE
Sign Up to Join the Scoreboard
Show All
Scores
Hide
Comments
May contain spoilers
Recently Published
NBA Finals Game Top Scorers (2010s)
by flibbidy
Sports
5m
Guess the 'R' Things in 3 Words
by MSUKent
Miscellaneous
3m
Actor to Badly Drawn Movie III
by MoMosMoProblems
Movies
5m
More to Explore
Quiz From the Vault
Featured Blog Post
Where Does Lost Luggage Go?
hide this ad
You Might Also Like...
Tags
Role Quiz
brosnan
Pierce
Pierce Brosnan
Today's Top Quizzes in Movies
Browse Movies
hide this ad
Today's Top Quizzes in Role
Browse Role
Top Contributed Quizzes in Movies
1
Pixar Reveal II
2
How Long Is the Movie Title?
3
Pixar Reveal III
4
10 Quentin Tarantino Movies in Order
5
Adjectives in 00s Movies
6
Pixar Reveal IV
7
Movie Stars Gone to the Dogs
8
Adjectives in 10s Movies
9
Pixar Reveal V
10
Adjectives in 90s Movies
Explore More
Trending Topics
Kpop
Harry Potter
NBA
Crossword
Marvel
Disney
Anime
NFL
Soccer
Puzzle
The Office
Song
Country
Pokémon
WWE
hide this ad
More By:
shark3bites
Quiz
Plays
Rating
Category
Featured
Created
Canadian Foreign-Born Population
768
3.78
Geography
Jan 20, 2010
Pierce Brosnan Roles in Movies
482
4.00
Movies
Dec 30, 2009
Go to Creator's Profile
Score Distribution
Quiz Creator Spotlight
shark3bites
Follow
Send a Message
Quizzes Created
-
Created Quiz Play Count
-
More By This Creator
Popular Quizzes Today
1
Find the US States - No Outlines Minefield
2
Find the US States
3
The Countries of the World
4
10 Largest US States in Order
5
Find the Countries of Europe - No Outlines Minefield
6
US States
7
Guess the 'R' Things in 3 Words
8
NBA Finals Game Top Scorers (2010s)
More Movies Quizzes
Movie Title Pairs
Published
Trending Quizzes
First Name TV: Leading Men
Match the Book to the Film II
First Name TV: Leading Women Drama
3-Word Movies in 1 Word II
Match the Book to the Film VI
Recently Updated
Women's Final Four Teams by Year
bhenderson79
Presidents Quartet II
eogle
Anything But Clue(do)
eogle
Anything But Oceanian Capitals
eogle
Anything But 7
eogle
Anything But Thing
eogle
Word Ladder: February 29
pecheneg
Song Title Questions
pecheneg
Women's NCAA Tournament #1 Seeds
pecheneg
Celebrity Mug Shots
pecheneg
Trending Topics
Harry Potter
Crossword
Kpop
Anime
Disney
NBA
Marvel
Song
Puzzle
Pokémon
The Office
Country
Soccer
NFL
WWE
Your Account Isn't Verified!
In order to create a playlist on Sporcle, you need to verify the email address you used during registration. Go to your
Sporcle Settings
to finish the process.
Report this User
Report this user for behavior that violates our
Community Guidelines
.
Details:
Send Report
Go to the Sporcle.com Mobile Site →
Comments